| 000 | 00834nam a22002177a 4500 | ||
|---|---|---|---|
| 999 |
_c61356 _d61356 |
||
| 005 | 20240222162811.0 | ||
| 008 | 240222s2001 enk||||| |||| 00| 0 eng d | ||
| 020 | _a9780838402238 | ||
| 041 | _aeng | ||
| 080 | _a811.111.1 S-68 | ||
| 100 |
_aSmalley, Regina L. _921271 |
||
| 245 |
_aRefining Composition Skills: _bRhetoric and Grammar / _cRegina L. Smalley, Mary K. Ruetten, Joann Rishel Kozyrev. |
||
| 250 | _aFifth Edition | ||
| 264 |
_aLondon : _bHeinle & Heinle, _c2001. |
||
| 300 |
_a430 p. : _bill.; _c26 cm. |
||
| 653 | _aკომპოზიციური უნარების დახვეწა | ||
| 653 | _aრიტორიკა და გრამატიკა | ||
| 700 |
_aRuetten, Mary K. _eავტორი _921272 |
||
| 700 |
_aKozyrev, Joann Rishel _eავტორი _921273 |
||
| 942 |
_2udc _cBK |
||